| 000 | 00703cam a22001814a 4500 | ||
|---|---|---|---|
| 020 | _a2847030328 (pbk.) | ||
| 040 | _cDLC | ||
| 082 | _a551 AGE 2006 A029 Or. | ||
| 245 | 1 | 0 |
_aErosion et gestion conservatoire de l'eau et de la fertilité des sols : _bactes des Journées scientifiques du réseau érosion et GCES de l'AUF, Antananarivo, Madagascar, du 25 au 27 octobre 2005 / |
| 260 |
_aParis : _bÉditions scientifiques GB : _bAgence universitaire de la francophonie, _c2006. |
||
| 300 |
_a310 p. : _bill., maps ; _c24 cm. |
||
| 490 | 0 | _aActualité scientifique | |
| 650 | 0 | _aSoil erosion | |
| 650 | 0 | _aSoil fertility | |
| 650 | 0 | _aWater conservation | |
| 700 | 1 | _aRatsivalaka, Simone. | |
| 942 | _cEK | ||
| 999 |
_c11397 _d11397 |
||